Hồ Chí Minh với văn nghệ sĩ văn nghệ sĩ với Hồ Chí Minh

Gồm 2 phần: Phần I: Tư tưởng về văn hóa - văn nghệ; Phần II: Tác phẩm văn xuôi.

Gardado en:
Detalles Bibliográficos
Autor Principal: Hữu Thỉnh
Formato: Libro
Idioma:Undetermined
Publicado: Hà Nội Nxb . Hội nhà văn 2012
Những chủ đề:
Các nhãn: Engadir etiqueta
Sen Etiquetas, Sexa o primeiro en etiquetar este rexistro!
Thư viện lưu trữ: Trung tâm Học liệu Trường Đại học Cần Thơ
LEADER 00833nam a2200205Ia 4500
001 CTU_180073
008 210402s9999 xx 000 0 und d
082 |a 959.704092 
082 |b H566/T.5 
100 |a Hữu Thỉnh 
245 0 |a Hồ Chí Minh với văn nghệ sĩ văn nghệ sĩ với Hồ Chí Minh 
245 0 |c Hữu Thỉnh (chủ biên), Phạm Trung Đỉnh, Trần Quang Quý 
260 |a Hà Nội 
260 |b Nxb . Hội nhà văn 
260 |c 2012 
520 |a Gồm 2 phần: Phần I: Tư tưởng về văn hóa - văn nghệ; Phần II: Tác phẩm văn xuôi. 
650 |a Ho chi minh,Communist parties,Đảng Cộng Sản 
650 |x Biography 
904 |i Phương, Như 
980 |a Trung tâm Học liệu Trường Đại học Cần Thơ